[Event "Philip Hogarty Memorial GM 2019"]
[Site "Stillorgan"]
[Date "2019.01.05"]
[Round "6"]
[White "Daly, Colm"]
[Black "O`Donnell, Conor"]
[Result "1-0"]
[WhiteElo "2282"]
[BlackElo "2358"]
[Annotator "NA"]
[PlyCount "131"]
[EventDate "2019.01.02"]
[EventType "tourn"]
[EventCountry "IRL"]
[SourceTitle "playchess.com"]
[Source "ChessBase"]
[SourceQuality "1"]
[TimeControl "5400+30"]

1. d4 {[%emt 0:13:30]} Nf6 {[%emt 0:00:00]} 2. c4 {[%emt 0:00:05]} e6 {[%emt 0:00:00]} 3. Nf3 {[%emt 0:00:06]} d5 {[%emt 0:00:19]} 4. e3 {[%emt 0:00:20]} b6 {[%emt 0:01:09]} 5. Bd3 {[%emt 0:00:58]} Bb7 {[%emt 0:01:40]} 6. O-O {[%emt 0:00:07]} dxc4 {[%emt 0:05:03]} 7. Bxc4 {[%emt 0:00:06]} Be7 {[%emt 0:00:15]} 8. Nc3 {[%emt 0:10:59]} O-O {[%emt 0:00:20]} 9. Qe2 {[%emt 0:00:04]} c5 {[%emt 0:01:26]} 10. Rd1 {[%emt 0:00:09]} Nbd7 {[%emt 0:03:24]} 11. dxc5 {[%emt 0:04:19]} Bxc5 {[%emt 0:00:51]} 12. h3 {[%emt 0:00:17]} Rc8 {[%emt 0:06:10]} 13. Bd2 {[%emt 0:12:19]} Qc7 {[%emt 0:02:06]} 14. Ba6 {[%emt 0:04:54]} e5 {[%emt 0:13:55]} 15. e4 {[%emt 0:05:13]} Bxa6 {[%emt 0:01:51]} 16. Qxa6 {[%emt 0:00:04]} Nb8 {[%emt 0:00:33]} 17. Qe2 {[%emt 0:05:34]} h6 {[%emt 0:04:22]} 18. Rac1 {[%emt 0:00:03]} Qe7 {[%emt 0:03:34]} 19. Nh4 {[%emt 0:06:29]} Qe6 {[%emt 0:04:45]} 20. Nf5 {[%emt 0:00:30]} Nc6 {[%emt 0:02:16]} 21. Be3 {[%emt 0:02:13]} Rfd8 {[%emt 0:06:29]} 22. Bxc5 {[%emt 0:05:42]} bxc5 {[%emt 0:00:04]} 23. Qa6 {[%emt 0:00:58]} Kh7 {[%emt 0:08:29]} 24. Rd6 {[%emt 0:04:17]} Rxd6 {[%emt 0:04:11]} 25. Nxd6 {[%emt 0:00:05]} Rd8 {[%emt 0:00:32]} 26. Nb7 {[%emt 0:05:25]} Rb8 {[%emt 0:06:59]} 27. Nxc5 {[%emt 0:00:09]} Qd6 {[%emt 0:00:22]} 28. Nb3 {[%emt 0:01:40]} Rb6 {[%emt 0:00:25]} 29. Qc4 {[%emt 0:00:51]} Nd4 {[%emt 0:01:24]} 30. Rd1 {[%emt 0:04:40]} Rc6 {[%emt 0:04:58]} 31. Qd3 {[%emt 0:00:04]} Rb6 {[%emt 0:02:12]} 32. Nd5 {[%emt 0:05:08]} Nxb3 {[%emt 0:02:48]} 33. axb3 {[%emt 0:03:55]} Rb7 {[%emt 0:02:34]} 34. Qf3 {[%emt 0:00:20]} Qe6 {[%emt 0:01:24]} 35. b4 {[%emt 0:01:14]} Ne8 {[%emt 0:00:58]} 36. Rc1 {[%emt 0:00:55]} Nd6 {[%emt 0:01:34]} 37. Qd3 {[%emt 0:00:40]} Nb5 {[%emt 0:01:23]} 38. Rc5 {[%emt 0:00:12]} a6 {[%emt 0:01:19]} 39. Kh2 {[%emt 0:00:20]} Nd4 {[%emt 0:00:52]} 40. f4 {[%emt 0:00:12]} Nb5 {[%emt 0:01:29]} 41. f5 {[%emt 0:00:09]} Qd6 {[%emt 0:00:31]} 42. Qg3 {[%emt 0:00:27]} Nd4 {[%emt 0:00:47]} 43. f6 {[%emt 0:00:58]} g6 {[%emt 0:01:27]} 44. Rc8 {[%emt 0:00:07]} Rb8 {[%emt 0:02:10]} 45. Rc7 {[%emt 0:00:07]} Rf8 {[%emt 0:00:28]} 46. Qg4 {[%emt 0:01:45]} Ne6 {[%emt 0:00:23]} 47. Re7 {[%emt 0:00:11]} h5 {[%emt 0:00:48]} 48. Qd1 {[%emt 0:00:11]} Nf4 {[%emt 0:00:56]} 49. Qb3 {[%emt 0:02:56]} Nxd5 {[%emt 0:00:15]} 50. Qxd5 {[%emt 0:00:02]} Qxf6 {[%emt 0:00:16]} 51. Qxe5 {[%emt 0:00:03]} Qxe5+ {[%emt 0:00:16]} 52. Rxe5 {[%emt 0:00:03]} Rb8 {[%emt 0:00:26]} 53. b5 {[%emt 0:01:03]} axb5 {[%emt 0:01:15]} 54. b4 {[%emt 0:00:04]} Kg7 {[%emt 0:00:39]} 55. Kg3 {[%emt 0:00:02]} Rb7 {[%emt 0:01:01]} 56. Kf4 {[%emt 0:00:12]} f6 {[%emt 0:00:37]} 57. Rc5 {[%emt 0:00:57]} Kf7 {[%emt 0:00:19]} 58. e5 {[%emt 0:01:07]} Rb6 {[%emt 0:01:12]} 59. Ke4 {[%emt 0:01:27]} fxe5 {[%emt 0:00:39]} 60. Kxe5 {[%emt 0:00:36]} Re6+ {[%emt 0:00:02]} 61. Kd4 {[%emt 0:00:29]} Rd6+ {[%emt 0:00:33]} 62. Rd5 {[%emt 0:00:19]} Ke6 {[%emt 0:00:39]} 63. Rxd6+ {[%emt 0:00:28]} Kxd6 {[%emt 0:00:02]} 64. h4 {[%emt 0:00:13]} Kc6 {[%emt 0:00:32]} 65. Ke5 {[%emt 0:00:07]} Kb6 {[%emt 0:00:13]} 66. Kd6 {[%emt 0:00:47]} 1-0

[Event "Philip Hogarty Memorial GM 2019"]
[Site "Stillorgan"]
[Date "2019.01.05"]
[Round "7"]
[White "Maksimenko, Andrei"]
[Black "Lane, Gary W"]
[Result "0-1"]
[WhiteElo "2484"]
[BlackElo "2358"]
[Annotator "ChessBase"]
[PlyCount "57"]
[EventDate "2019.01.02"]
[EventType "tourn"]
[EventCountry "IRL"]
[SourceTitle "playchess.com"]
[Source "ChessBase"]
[SourceQuality "1"]
[TimeControl "5400+30"]

1. Nf3 {[%emt 0:00:00]} f5 {[%emt 0:00:00]} 2. d3 {[%emt 0:01:22]} d6 {[%emt 0:05:14]} 3. e4 {[%emt 0:01:51]} e5 {[%emt 0:07:33]} 4. Nc3 {[%emt 0:00:42]} Nf6 {[%emt 0:01:42]} 5. exf5 {[%emt 0:00:31]} Bxf5 {[%emt 0:01:43]} 6. d4 {[%emt 0:00:06]} e4 {[%emt 0:08:44]} 7. Nh4 {[%emt 0:02:28]} Bg4 {[%emt 0:00:15]} 8. Be2 {[%emt 0:04:35]} Bxe2 {[%emt 0:00:38]} 9. Qxe2 {[%emt 0:01:14]} d5 {[%emt 0:00:05]} 10. Bg5 {[%emt 0:11:23]} Bb4 {[%emt 0:01:46]} 11. Qb5+ {[%emt 0:11:33]} Nc6 {[%emt 0:08:46]} 12. Qxb7 {[%emt 0:02:36]} Nxd4 {[%emt 0:05:59]} 13. O-O-O {[%emt 0:43:36]} Bxc3 {[%emt 0:09:18]} 14. bxc3 {[%emt 0:00:11]} Rb8 {[%emt 0:00:16]} 15. Bxf6 {[%emt 0:01:11]} gxf6 {[%emt 0:01:47]} 16. Qa6 {[%emt 0:00:39]} Rb6 {[%emt 0:10:21]} 17. Qa4+ {[%emt 0:00:17]} Nc6 {[%emt 0:00:05]} 18. c4 {[%emt 0:00:55]} Qd6 {[%emt 0:02:15]} 19. Rxd5 {[%emt 0:13:19]} Qf4+ {[%emt 0:03:21]} 20. Rd2 {[%emt 0:00:21]} O-O {[%emt 0:01:17]} 21. c5 {[%emt 0:00:36]} Rb4 {[%emt 0:00:46]} 22. Qxc6 {[%emt 0:00:11]} Rfb8 {[%emt 0:15:36]} 23. Qe6+ {[%emt 0:00:18]} Kh8 {[%emt 0:00:19]} 24. Kd1 {[%emt 0:00:30]} Rb1+ {[%emt 0:08:17]} 25. Ke2 {[%emt 0:00:00]} Rxh1 {[%emt 0:00:06]} 26. Qh3 {[%emt 0:01:57]} Qg5 {[%emt 0:01:32]} 27. Nf5 {[%emt 0:01:08]} Rc1 {[%emt 0:00:30]} 28. Nh6 {[%emt 0:00:00]} Qxc5 {[%emt 0:02:03]} 29. Qe6 {[%emt 0:01:00]} 0-1

[Event "Philip Hogarty Memorial GM 2019"]
[Site "Stillorgan"]
[Date "2019.01.05"]
[Round "7"]
[White "Fernandez, Daniel Howard"]
[Black "Glek, Igor"]
[Result "1/2-1/2"]
[WhiteElo "2465"]
[BlackElo "2453"]
[Annotator "TA"]
[PlyCount "39"]
[EventDate "2019.01.02"]
[EventType "tourn"]
[EventCountry "IRL"]
[SourceTitle "playchess.com"]
[Source "ChessBase"]
[SourceQuality "1"]

{[%evp 24,25,-7,-13]} 1. d4 Nf6 2. Nf3 g6 3. g3 Bg7 4. Bg2 d5 5. c4 c6 6. cxd5 cxd5 7. O-O O-O 8. Nc3 Ne4 9. Nxe4 dxe4 10. Ng5 Qxd4 11. Qxd4 Bxd4 12. Nxe4 Nc6 {D79: Fianchetto Grünfeld: Symmetrical Variation (6 0-0 c6 7 cxd5 cxd5)} 13. Bh6 {[#] LiveBook: 5 Games} {Predecessor:} Rd8 $146 14. Nc3 Be6 15. Rac1 Rac8 16. Bxc6 Rxc6 17. Rfd1 Rcd6 18. Kg2 R6d7 19. b3 f6 20. h4 {0-1 (49) Prohaszka,P (2573)-Berkes,F (2693) Heviz 2012} 1/2-1/2

[Event "Philip Hogarty Memorial GM 2019"]
[Site "Stillorgan"]
[Date "2019.01.05"]
[Round "7"]
[White "Quinn, Mark"]
[Black "Collins, Sam E."]
[Result "1/2-1/2"]
[WhiteElo "2386"]
[BlackElo "2428"]
[Annotator "TA"]
[PlyCount "69"]
[EventDate "2019.01.02"]
[EventType "tourn"]
[EventCountry "IRL"]
[SourceTitle "playchess.com"]
[Source "ChessBase"]
[SourceQuality "1"]

{[%evp 22,69,43,43,48,41,174,189,175,119,127,129,153,145,161,152,163,141,141,145,210,206,236,230,239,270,252,227,241,244,247,255,343,338,328,323,324,325,364,0,0,0,0,0,0,10,0,0,0,0]} 1. Nf3 Nf6 2. c4 g6 3. d4 Bg7 4. Nc3 O-O 5. Bg5 c5 6. d5 d6 7. Nd2 h6 {E61: King's Indian: Early deviations for White, including Smyslov System} 8. Bh4 g5 9. Bg3 Nh5 10. e3 Nxg3 11. hxg3 f5 12. Bd3 {LiveBook: 34 Games} Nd7 13. f4 {[#]} g4 $146 (13... gxf4 $14 14. gxf4 (14. exf4 Nf6 $11) 14... Nf6) ({Predecessor:} 13... Nf6 14. Qe2 gxf4 15. gxf4 Ng4 16. e4 fxe4 17. Qxe4 {0-1 (34) Indjic,A (2581)-Amin,B (2680) Abu Dhabi 2017}) 14. Qc2 $1 $18 Nb6 15. Rh5 (15. O-O-O $18) 15... e6 $16 16. dxe6 Qe8 17. Rxf5 Rxf5 18. Bxf5 {Black must now prevent Qe4.} Bxe6 19. Bxe6+ Qxe6 20. Qd3 Rd8 (20... Bxc3 $16 {might work better.} 21. bxc3 (21. Qxc3 d5 $14) 21... Re8) 21. e4 $18 Bxc3 22. Qxc3 ({Don't play} 22. bxc3 $6 Re8) 22... d5 23. cxd5 Rxd5 24. O-O-O Rd4 {[#]} 25. b3 $1 Qd6 {intending ...Rd3.} 26. Qc2 c4 27. Nxc4 Rxd1+ 28. Qxd1 Nxc4 29. Qxg4+ ({Not} 29. bxc4 Qa3+ 30. Kc2 Qxa2+ 31. Kc3 Qa5+ 32. Kb3 Qb6+ 33. Kc2 Qf2+ 34. Qd2 Qxg3 $16) 29... Kh7 {[#] ( -> ...Qd2+)} 30. bxc4 $2 ({White must play} 30. Qf5+ $1 $18 Kg7 31. bxc4) 30... Qa3+ $11 {The position is equal.} 31. Kd1 Qd3+ 32. Ke1 {aiming for Qf5+.} Qc3+ $1 33. Kf1 {Threatens to win with Qd7+.} Qa1+ $1 34. Kf2 Qd4+ 35. Kf1 {Accuracy: White = 84%, Black = 54%.} 1/2-1/2

[Event "Philip Hogarty Memorial GM 2019"]
[Site "Stillorgan"]
[Date "2019.01.05"]
[Round "7"]
[White "O`Donnell, Conor"]
[Black "Astaneh Lopez, Alex"]
[Result "1/2-1/2"]
[WhiteElo "2358"]
[BlackElo "2427"]
[Annotator "TA"]
[PlyCount "34"]
[EventDate "2019.01.02"]
[EventType "tourn"]
[EventCountry "IRL"]
[SourceTitle "playchess.com"]
[Source "ChessBase"]
[SourceQuality "1"]

{[%evp 21,34,18,36,33,60,12,2,15,10,9,12,19,18,12,16]} 1. d4 Nf6 2. c4 e6 3. Nc3 Bb4 4. Qc2 d5 5. cxd5 Qxd5 6. e3 c5 7. Bd2 Bxc3 8. Bxc3 Nc6 {E34: Nimzo-Indian: Classical: 4...d5} (8... cxd4 9. Bxd4 Nc6 10. Bc3 O-O 11. Nf3 Rd8 12. Be2 Qe4 13. Rc1 Qxc2 14. Rxc2 Nd5 15. Ne5 Bd7 16. Nxc6 Bxc6 17. Bd2 Ne7 18. f3 {½-½ (38) Mamedyarov,S (2804)-Carlsen,M (2834) Wijk aan Zee 2018}) 9. dxc5 Qxc5 10. Rc1 O-O 11. Nf3 Nd5 {LiveBook: 10 Games} 12. Bd3 Nxc3 13. Qxc3 (13. Bxh7+ {is more complex.} Kh8 14. Bd3 Nb4 15. Qd2 Nbxa2 16. Rc2) 13... Qxc3+ {The position is equal.} 14. Rxc3 Nb4 $146 ({Predecessor:} 14... Bd7 15. O-O Rfd8 16. Be4 Be8 {½-½ (52) Toth,C (2305)-Brunner,L (2460) Maringa 1991}) 15. Bc4 b5 16. Bxb5 Nxa2 17. Ra3 Nb4 $1 1/2-1/2

[Event "Philip Hogarty Memorial GM 2019"]
[Site "Stillorgan"]
[Date "2019.01.05"]
[Round "7"]
[White "Fitzsimons, David"]
[Black "Daly, Colm"]
[Result "1-0"]
[WhiteElo "2301"]
[BlackElo "2282"]
[Annotator "NA"]
[PlyCount "103"]
[EventDate "2019.01.02"]
[EventType "tourn"]
[EventCountry "IRL"]
[SourceTitle "playchess.com"]
[Source "ChessBase"]
[SourceQuality "1"]
[TimeControl "5400+30"]

1. e4 {[%emt 0:00:00]} c5 {[%emt 0:09:51]} 2. Nf3 {[%emt 0:00:00]} d6 {[%emt 0:00:09]} 3. Nc3 {[%emt 0:00:00]} Nc6 {[%emt 0:01:32]} 4. Bb5 {[%emt 0:00:05]} e5 {[%emt 0:02:37]} 5. Bxc6+ {[%emt 0:02:00]} bxc6 {[%emt 0:00:02]} 6. d3 {[%emt 0:00:10]} f6 {[%emt 0:02:11]} 7. O-O {[%emt 0:02:21]} Bg4 {[%emt 0:03:04]} 8. h3 {[%emt 0:01:26]} Bh5 {[%emt 0:00:02]} 9. a3 {[%emt 0:03:18]} d5 {[%emt 0:06:36]} 10. Bd2 {[%emt 0:03:25]} Ne7 {[%emt 0:03:05]} 11. Qe2 {[%emt 0:06:32]} d4 {[%emt 0:02:17]} 12. Na4 {[%emt 0:00:44]} Nc8 {[%emt 0:00:09]} 13. b4 {[%emt 0:00:41]} Nb6 {[%emt 0:01:31]} 14. Nxc5 {[%emt 0:02:18]} Bxc5 {[%emt 0:00:07]} 15. bxc5 {[%emt 0:00:05]} Na4 {[%emt 0:00:06]} 16. g4 {[%emt 0:08:47]} Bf7 {[%emt 0:00:08]} 17. Nh4 {[%emt 0:00:30]} Nxc5 {[%emt 0:05:44]} 18. f4 {[%emt 0:02:37]} exf4 {[%emt 0:01:41]} 19. Nf5 {[%emt 0:06:39]} Ne6 {[%emt 0:02:27]} 20. Bxf4 {[%emt 0:01:05]} O-O {[%emt 0:03:06]} 21. Bd6 {[%emt 0:01:02]} Re8 {[%emt 0:00:02]} 22. h4 {[%emt 0:05:50]} Bg6 {[%emt 0:12:17]} 23. Qh2 {[%emt 0:03:44]} a5 {[%emt 0:03:43]} 24. Rf2 {[%emt 0:01:03]} Ra7 {[%emt 0:00:12]} 25. Raf1 {[%emt 0:01:10]} Rd7 {[%emt 0:00:33]} 26. e5 {[%emt 0:07:23]} fxe5 {[%emt 0:11:18]} 27. Bxe5 {[%emt 0:03:43]} Bxf5 {[%emt 0:00:31]} 28. gxf5 {[%emt 0:00:32]} Nf8 {[%emt 0:22:52]} 29. f6 {[%emt 0:01:31]} Ng6 {[%emt 0:00:07]} 30. Bxd4 {[%emt 0:00:53]} Rf7 {[%emt 0:02:17]} 31. c3 {[%emt 0:00:46]} gxf6 {[%emt 0:00:52]} 32. Bxf6 {[%emt 0:00:20]} Qxd3 {[%emt 0:01:48]} 33. h5 {[%emt 0:00:34]} Re4 {[%emt 0:00:28]} 34. hxg6 {[%emt 0:01:31]} Rg4+ {[%emt 0:00:03]} 35. Rg2 {[%emt 0:01:13]} Qxg6 {[%emt 0:02:10]} 36. Rxg4 {[%emt 0:01:01]} Qxg4+ {[%emt 0:00:01]} 37. Qg2 {[%emt 0:00:08]} Qxg2+ {[%emt 0:00:06]} 38. Kxg2 {[%emt 0:00:04]} a4 {[%emt 0:00:07]} 39. Bd4 {[%emt 0:00:12]} Rb7 {[%emt 0:01:32]} 40. Rf3 {[%emt 0:00:26]} Rb3 {[%emt 0:00:32]} 41. c4 {[%emt 0:00:04]} Rxf3 {[%emt 0:00:39]} 42. Kxf3 {[%emt 0:00:05]} Kf7 {[%emt 0:00:03]} 43. Be5 {[%emt 0:00:32]} Ke6 {[%emt 0:00:07]} 44. Ke4 {[%emt 0:00:04]} h5 {[%emt 0:00:05]} 45. Bg3 {[%emt 0:00:10]} Kf6 {[%emt 0:01:16]} 46. Bh4+ {[%emt 0:00:04]} Ke6 {[%emt 0:00:05]} 47. c5 {[%emt 0:00:05]} Kd7 {[%emt 0:01:23]} 48. Ke5 {[%emt 0:00:12]} Kc7 {[%emt 0:00:11]} 49. Ke6 {[%emt 0:00:05]} Kb7 {[%emt 0:00:51]} 50. Kd7 {[%emt 0:00:05]} Ka8 {[%emt 0:00:19]} 51. Kxc6 {[%emt 0:00:05]} Kb8 {[%emt 0:00:05]} 52. Kd7 {[%emt 0:00:04]} 1-0

[Event "Philip Hogarty Memorial GM 2019"]
[Site "Stillorgan"]
[Date "2019.01.06"]
[Round "8"]
[White "Fernandez, Daniel Howard"]
[Black "O`Donnell, Conor"]
[Result "0-1"]
[WhiteElo "2465"]
[BlackElo "2358"]
[Annotator "TA"]
[PlyCount "98"]
[EventDate "2019.01.02"]
[EventType "tourn"]
[EventCountry "IRL"]
[SourceTitle "playchess.com"]
[Source "ChessBase"]
[SourceQuality "1"]

{[%evp 9,98,-55,-55,-61,-53,-58,-59,-88,-71,-88,-87,-95,-93,-129,-125,-163,-163,-157,-175,-160,-108,-100,-51,-111,-95,-116,-29,-160,0,0,0,-9,-2,-68,-64,-92,-94,-141,-156,-128,-140,-222,-215,-200,-210,-217,-218,-207,-215,-207,-203,-212,-210,-217,-183,-207,-202,-201,-141,-206,-202,-208,-202,-169,-162,-183,-137,-132,-123,-225,-216,-2408,-4407,-1975,-1725,-29979,-29980,-29980,-29981,-29980,-29981,-29982,-29983,-29983,-29984,-29984,-29985,-29985,-29986,-29968,-6219]} 1. e3 g6 2. c4 c5 3. Nc3 Nf6 (3... Bg7 4. d4 Nf6 5. d5 O-O 6. Nf3 d6 7. Be2 e6 8. Nd2 Re8 9. O-O Na6 10. a4 Nc7 11. e4 b6 12. Re1 a6 13. a5 b5 14. dxe6 Rxe6 15. Nb3 Nxe4 16. Nxe4 Rxe4 17. cxb5 Nxb5 18. Nxc5 Rxe2 19. Rxe2 {0-1 (43) Fedoseev,V (2658)-Shankland,S (2666) Saint Louis 2017}) 4. g4 h6 5. h4 $146 ({Predecessor:} 5. Bg2 d6 6. h3 Bg7 7. Nge2 O-O 8. O-O Nc6 9. a3 Bd7 10. Ng3 Rb8 {0-1 (28) Kirillov,V (2151)-Beznosikov,V (2296) Vorkuta 2013}) 5... d5 6. cxd5 {A00: Irregular Openings} Nxd5 7. Bc4 Nb6 8. Bb5+ {Black is slightly better.} Bd7 9. a4 Bg7 10. h5 g5 $1 11. d3 Nc6 12. Bxc6 Bxc6 13. e4 Nd7 14. Nf3 Bxc3+ (14... Nf8 $142 15. Be3 Ne6) 15. bxc3 $17 c4 16. Ba3 ({Better is} 16. dxc4 $15 Qa5 17. O-O) 16... cxd3 17. Qxd3 Nf6 (17... Qc7 $1 $17 {And now ...Nf6 would win.} 18. Nd4 Ne5) 18. Nd4 (18. Qxd8+ $1 $11 Rxd8 19. Nd4) 18... Bxe4 $2 (18... e5 $1 $17 19. f3 (19. Qg3 $2 exd4 20. Qe5+ Kd7 $19) 19... Rc8) 19. Qb5+ $11 Qd7 20. f3 Bc6 21. Qe2 ({White should play} 21. Qe5 $11 O-O-O 22. O-O-O) 21... O-O-O $36 {[%cal Be8c8,Bc8c7,Bc7b6][%mdl 2080] Black has good play.} ({Much worse is} 21... Bxa4 $6 22. Nf5 $14) 22. O-O-O Nd5 23. Nf5 Qc7 {Threatens to win with ...e6.} 24. c4 Nf4 25. Qxe7 (25. Nxe7+ $17 {was necessary.} Kb8 26. Qb2) 25... Bxf3 $19 {[%mdl 64] Double Attack} 26. Qxc7+ Kxc7 27. Bd6+ Rxd6 28. Nxd6 Bxh1 ({Don't play} 28... Bxg4 29. Rd2 $17) 29. Nb5+ Kb6 30. Rxh1 {[%mdl 4096] Endgame KRN-KRN} Rd8 $1 31. Kc2 {and the idea Rb1 leaves White hopeful.} Kc5 32. Re1 a6 33. Nc3 Ne6 34. Rf1 (34. Nd1 $17) 34... Kxc4 35. Rxf7 {[#]} Nd4+ $1 36. Kb2 Nc6 {...Rd2+ is the strong threat.} 37. Nb1 Rd4 38. Rxb7 Rxg4 39. Nd2+ {[#]} (39. Rc7 $17 {keeps fighting.} Kc5 40. Rh7) 39... Kd3 $1 {[%cal Rd3d2]} 40. Nb3 $2 (40. Rc7 Nd4 41. Nb3) 40... Rb4 41. Rxb4 Nxb4 {KN-KN} 42. Ka3 Nc2+ {Black mates.} 43. Kb2 Nd4 44. Nc5+ Ke3 45. Kc3 g4 {[%cal Bg5g4,Bg4g3][%mdl 32]} 46. Nd3 Nf3 47. Nb4 g3 48. Nd5+ Ke4 49. Nf6+ Ke5 {Accuracy: White = 39%, Black = 73%.} 0-1

[Event "Philip Hogarty Memorial GM 2019"]
[Site "Stillorgan"]
[Date "2019.01.06"]
[Round "8"]
[White "Glek, Igor"]
[Black "Lane, Gary W"]
[Result "1-0"]
[WhiteElo "2453"]
[BlackElo "2358"]
[Annotator "TA"]
[PlyCount "63"]
[EventDate "2019.01.02"]
[EventType "tourn"]
[EventCountry "IRL"]
[SourceTitle "playchess.com"]
[Source "ChessBase"]
[SourceQuality "1"]

{[%evp 19,63,19,17,0,0,0,24,-10,43,18,47,31,60,50,64,67,157,160,153,156,175,169,185,181,180,179,201,201,258,262,325,325,331,340,327,335,424,319,928,902,888,868,1235,1235,1187,1169]} 1. e4 c5 2. Nf3 Nc6 3. Bb5 e6 4. O-O Nge7 5. c3 a6 6. Be2 d5 7. exd5 Nxd5 8. d4 cxd4 9. Nxd4 Bd7 {B30: Sicilian: 2...Nc6 3 Bb5, lines without ...g6} 10. Bf3 (10. c4 Nxd4 11. Qxd4 Ne7 12. Qc3 Qc7 13. Nd2 Ng6 14. Nf3 f6 15. Be3 Be7 16. c5 {½-½ (16) Najer,E (2664)-Gelfand,B (2735) Moscow 2016}) 10... Be7 {LiveBook: 9 Games} 11. Nb3 Nb6 $146 {The position is equal.} ({Predecessor:} 11... Nf6 12. Be3 O-O 13. N1d2 Qc7 14. Nc4 Ne5 15. Nxe5 Qxe5 16. Bxb7 Rad8 17. Qf3 {1-0 (39) Nayak,B (2013)-Ranjit,B (1337) Bampada 2017}) 12. Bf4 O-O 13. N1d2 {[%cal Bb1d2,Bd2c4,Bc4a5][%mdl 32]} Na4 (13... e5 $11 14. Bxc6 Bxc6 15. Bxe5 Qd5) 14. Nc4 f6 15. Nd4 e5 {[#] Hoping for ...Nxd4.} 16. Bxc6 bxc6 17. Qxa4 {Bxe5 is the strong threat.} exf4 ({Black should play} 17... exd4 $14 18. Rfe1 (18. cxd4 c5 $16) 18... dxc3) 18. Nxc6 $16 Qe8 {[#]} 19. N4a5 $1 $36 {[%mdl 2048] White is really pushing.} Bd6 20. Rad1 Be5 21. Ne7+ Qxe7 22. Rxd7 Qe8 {White should prevent ...Rf7.} 23. Rfd1 f3 24. Qg4 {[%csl Gd7][%cal Rg4g7]} (24. gxf3 $6 Qh5 $16) 24... Rf7 25. Nc6 ({But not} 25. gxf3 Kh8 $18) ({Not} 25. Qxf3 Rxd7 26. Rxd7 Bxc3 $16) 25... f5 26. Qc4 ({Wrong is} 26. Qxf3 $2 Rxd7 27. Rxd7 Qxd7 $19) 26... Bf6 27. gxf3 g6 28. Kf1 h6 $2 (28... Kg7) 29. R1d6 $18 {White is clearly winning.} Kg7 30. Qd5 Rc8 31. Rxf7+ Qxf7 32. Rd7 {Accuracy: White = 73%, Black = 28%.} 1-0

[Event "Philip Hogarty Memorial GM 2019"]
[Site "Stillorgan"]
[Date "2019.01.06"]
[Round "8"]
[White "Collins, Sam E."]
[Black "Maksimenko, Andrei"]
[Result "1/2-1/2"]
[WhiteElo "2428"]
[BlackElo "2484"]
[Annotator "ChessBase"]
[PlyCount "32"]
[EventDate "2019.01.02"]
[EventType "tourn"]
[EventCountry "IRL"]
[SourceTitle "playchess.com"]
[Source "ChessBase"]
[SourceQuality "1"]
[TimeControl "5400+30"]

1. e4 {[%emt 0:02:36]} c5 {[%emt 0:05:53]} 2. Nf3 {[%emt 0:00:14]} Nc6 {[%emt 0:00:14]} 3. Bb5 {[%emt 0:00:44]} d6 {[%emt 0:03:46]} 4. O-O {[%emt 0:00:52]} Bd7 {[%emt 0:00:02]} 5. Re1 {[%emt 0:00:20]} Nf6 {[%emt 0:00:28]} 6. c3 {[%emt 0:01:07]} a6 {[%emt 0:00:12]} 7. Bf1 {[%emt 0:03:26]} Bg4 {[%emt 0:00:40]} 8. h3 {[%emt 0:00:14]} Bxf3 {[%emt 0:00:09]} 9. Qxf3 {[%emt 0:00:07]} e6 {[%emt 0:00:11]} 10. d3 {[%emt 0:06:11]} Be7 {[%emt 0:00:59]} 11. Nd2 {[%emt 0:02:26]} O-O {[%emt 0:01:41]} 12. Qe2 {[%emt 0:02:49]} Re8 {[%emt 0:12:06]} 13. g3 {[%emt 0:05:24]} Nd7 {[%emt 0:06:02]} 14. Nf3 {[%emt 0:09:06]} Bf6 {[%emt 1:04:37]} 15. Bg2 {[%emt 1:01:54]} Be7 {[%emt 0:00:30]} 16. Bf1 Nf6 {[%emt 0:00:30]} 1/2-1/2